[Event "Tenerife-chT Preferente"]
[Site "Tenerife"]
[Date "2025.01.25"]
[Round "6.3"]
[White "Sanchez Martin, Jacobo"]
[Black "Diaz Reyes, Killian"]
[Result "1/2-1/2"]
[WhiteElo "1828"]
[BlackElo "1942"]
[PlyCount "49"]
[EventDate "2024.11.09"]
[EventType "team-tourn"]
[EventRounds "14"]
[EventCountry "ESP"]
[SourceTitle "CB14_2025"]
[SourceDate "2024.11.01"]
[SourceVersion "1"]
[SourceVersionDate "2024.11.01"]
[SourceQuality "1"]
[WhiteTeam "La Victoria 94"]
[BlackTeam "Los Realejos"]
[WhiteTeamCountry "ESP"]
[BlackTeamCountry "ESP"]

1. e4 c5 2. Nf3 d5 3. d3 Nc6 4. g3 g6 5. Bg2 Bg7 6. c3 e5 7. Na3 Nge7 8. Nc2 0-0 9. 0-0 f5 10. Re1 Qb6 11. Rb1 Be6 12. a3 f4 13. gxf4 exf4 14. d4 Bg4 15. dxc5 Qxc5 16. Ncd4 Kh8 17. h3 Bxd4 18. cxd4 Bxf3 19. dxc5 Bxd1 20. exd5 Bc2 21. dxc6 Nxc6 22. Ra1 Bb3 23. Bd2 Rfd8 24. Bc3+ Kg8 25. Rac1 1/2-1/2

[Event "Tenerife-chT Primera"]
[Site "Tenerife"]
[Date "2021.05.29"]
[Round "7.1"]
[White "Mamani Beltran, Deniman"]
[Black "Sanchez Martin, Jacobo"]
[Result "1-0"]
[WhiteElo "1889"]
[BlackElo "1755"]
[PlyCount "51"]
[EventDate "2021.02.27"]
[EventType "team-tourn"]
[EventRounds "14"]
[EventCountry "ESP"]
[SourceTitle "EXT 2023"]
[Source "ChessBase"]
[SourceDate "2022.10.05"]
[SourceVersion "1"]
[SourceVersionDate "2022.10.05"]
[SourceQuality "1"]
[WhiteTeam "Fundacion La Caja de Canarias II"]
[BlackTeam "La Victoria 94"]
[WhiteTeamCountry "ESP"]
[BlackTeamCountry "ESP"]

1. e4 d5 2. exd5 Qxd5 3. Nf3 Bg4 4. Nc3 Qa5 5. h3 Bh5 6. d4 e6 7. Bd2 c6 8. g4 Bg6 9. h4 h5 10. Ne5 Ne7 11. Qf3 hxg4 12. Qxg4 Bf5 13. Qg3 Qb6 14. Nc4 Qxd4 15. Nd6+ Kd7 16. Nxf7 Rg8 17. Be3 Qf6 18. Ne5+ Ke8 19. Bg5 Bxc2 20. Bxf6 gxf6 21. Ng4 Kf7 22. Qf3 f5 23. Ne5+ Kf6 24. Nc4 Nd5 25. Nxd5+ exd5 26. Qc3+ 1-0

[Event "Santa Cruz de Tenerife Autumn op"]
[Site "Santa Cruz de Tenerife"]
[Date "2019.10.21"]
[Round "3"]
[White "Hernandez Leon, Alberto"]
[Black "Sanchez Martin, Jacobo"]
[Result "1-0"]
[WhiteElo "2319"]
[BlackElo "1740"]
[PlyCount "59"]
[EventDate "2019.10.16"]
[EventType "swiss"]
[EventRounds "9"]
[EventCountry "ESP"]
[SourceTitle "CBM 192 Extra"]
[Source "Chessbase"]
[SourceDate "2019.11.06"]
[SourceVersion "1"]
[SourceVersionDate "2019.11.06"]
[SourceQuality "1"]

1. d4 d5 2. c4 c6 3. Nf3 g6 4. Nc3 Bg7 5. cxd5 cxd5 6. Bf4 Nf6 7. e3 0-0 8. h3 a6 9. Be2 Nc6 10. 0-0 h6 11. Ne5 e6 12. Nxc6 bxc6 13. Na4 Nd7 14. Qc2 Bb7 15. Qb3 Ra7 16. Bd6 Re8 17. Nc5 Bc8 18. Qa4 Qb6 19. b4 e5 20. dxe5 Bxe5 21. Bxe5 Nxe5 22. Rac1 Nd7 23. Nb3 Rc7 24. Rc3 Re4 25. a3 c5 26. Bf3 Re5 27. bxc5 Nxc5 28. Qd4 Nxb3 29. Qxb6 Rxc3 30. Qf6 1-0

[Event "Santa Cruz de Tenerife Verano op"]
[Site "Santa Cruz de Tenerife"]
[Date "2018.09.12"]
[Round "7"]
[White "Hernandez Leon, Alberto"]
[Black "Sanchez Martin, Jacobo"]
[Result "1-0"]
[WhiteElo "2211"]
[BlackElo "1712"]
[PlyCount "49"]
[EventDate "2018.08.20"]
[EventType "swiss"]
[EventRounds "9"]
[EventCountry "ESP"]
[SourceTitle "CBM 186 Extra"]
[Source "ChessBase"]
[SourceDate "2018.08.24"]
[SourceVersion "1"]
[SourceVersionDate "2018.08.24"]
[SourceQuality "1"]

1. e4 d5 2. exd5 Qxd5 3. Nc3 Qa5 4. d4 c6 5. Nf3 Bg4 6. Bc4 e6 7. Bd2 Qc7 8. h3 Bh5 9. g4 Bg6 10. h4 h5 11. Ne5 Ne7 12. Bf4 Qd8 13. Bg5 Qd6 14. Nxg6 Nxg6 15. gxh5 Ne7 16. Ne4 Qc7 17. Qf3 Nf5 18. 0-0-0 Be7 19. Rhe1 Nd7 20. Bxe7 Nxe7 21. Ng5 0-0 22. Kb1 Nd5 23. Rg1 Qf4 24. Bxd5 Qxf3 25. Bxf3 1-0

[Event "Santa Cruz de Tenerife March 18 op"]
[Site "Santa Cruz de Tenerife"]
[Date "2018.03.19"]
[Round "7"]
[White "Kraus, Oliver"]
[Black "Sanchez Martin, Jacobo"]
[Result "1-0"]
[WhiteElo "2074"]
[BlackElo "1730"]
[PlyCount "87"]
[EventDate "2018.03.05"]
[EventType "swiss"]
[EventRounds "9"]
[EventCountry "ESP"]
[SourceTitle "CBM 183 Extra"]
[Source "ChessBase"]
[SourceDate "2018.04.19"]
[SourceVersion "1"]
[SourceVersionDate "2018.04.19"]
[SourceQuality "1"]

1. c4 g6 2. d4 Bg7 3. Nc3 d6 4. e4 f5 5. Nf3 fxe4 6. Nxe4 Nf6 7. Nc3 0-0 8. Be2 Nc6 9. 0-0 Bf5 10. d5 Nb4 11. Nd4 Qc8 12. a3 Na6 13. Be3 e5 14. dxe6 Bxe6 15. Nxe6 Qxe6 16. Bf3 c6 17. Rc1 Nc5 18. b4 Ncd7 19. Bd4 Rfe8 20. b5 Ne5 21. Bxe5 dxe5 22. bxc6 bxc6 23. Re1 Rac8 24. Qa4 Re7 25. Rcd1 Rcc7 26. c5 Red7 27. Rxd7 Nxd7 28. Ne4 Bf8 29. Qa5 Rb7 30. h3 Nf6 31. Qa6 Rc7 32. Ng5 Qe8 33. Qc4+ Kh8 34. Rd1 Rd7 35. Rxd7 Nxd7 36. Bxc6 Qe7 37. Bxd7 Qxd7 38. c6 Qd1+ 39. Kh2 Bd6 40. Qf7 e4+ 41. g3 Qh5 42. Qf6+ Kg8 43. Ne6 Bxg3+ 44. Kxg3 1-0

[Event "Santa Cruz de Tenerife op 28th"]
[Site "Santa Cruz de Tenerife"]
[Date "2017.12.18"]
[Round "2"]
[White "Lopez Pereyra, Antonio"]
[Black "Sanchez Martin, Jacobo"]
[Result "1-0"]
[WhiteElo "2081"]
[BlackElo "1759"]
[PlyCount "63"]
[EventDate "2017.12.15"]
[EventType "swiss"]
[EventRounds "9"]
[EventCountry "ESP"]
[SourceTitle "CBM 182 Extra"]
[Source "ChessBase"]
[SourceDate "2018.02.23"]
[SourceVersion "1"]
[SourceVersionDate "2018.02.23"]
[SourceQuality "1"]

1. e4 d5 2. exd5 Qxd5 3. Nc3 Qa5 4. b4 Qxb4 5. Rb1 Qd6 6. d4 c6 7. Nf3 Nf6 8. Bd3 g6 9. 0-0 Bg7 10. Re1 0-0 11. Rb3 Re8 12. h3 Qc7 13. a4 Nbd7 14. Ne2 e5 15. dxe5 Nxe5 16. Nxe5 Qxe5 17. Bd2 Qh5 18. Qb1 b6 19. Nf4 Rxe1+ 20. Qxe1 Qc5 21. Bb4 Qd4 22. g3 Bd7 23. c3 Qxf4 24. gxf4 c5 25. Ba3 Bxh3 26. Bb5 Rd8 27. c4 Bg4 28. f3 Bf5 29. Bb2 Bc2 30. Re3 Rd1 31. Qxd1 Bxd1 32. Rd3 1-0

[Event "Tenerife-chT Preferente 1718"]
[Site "Tenerife"]
[Date "2017.12.09"]
[Round "4.3"]
[White "Aguirre Lorenzo, Luis Francisco"]
[Black "Sanchez Martin, Jacobo"]
[Result "1-0"]
[WhiteElo "1952"]
[BlackElo "1759"]
[PlyCount "87"]
[EventDate "2017.11.11"]
[EventType "team-tourn"]
[EventRounds "14"]
[EventCountry "ESP"]
[SourceTitle "EXT 2019"]
[Source "ChessBase"]
[SourceDate "2018.10.10"]
[SourceVersion "1"]
[SourceVersionDate "2018.10.10"]
[SourceQuality "1"]
[WhiteTeam "Canarias 64"]
[BlackTeam "Ciberjaque Universidad"]
[WhiteTeamCountry "ESP"]
[BlackTeamCountry "ESP"]

1. d4 g6 2. c4 Bg7 3. Nc3 d6 4. Nf3 c6 5. e4 f5 6. exf5 Bxf5 7. Bd3 Qd7 8. 0-0 Nf6 9. Re1 0-0 10. Bxf5 gxf5 11. Qe2 Re8 12. Bg5 h6 13. Bf4 Na6 14. Rad1 Nc7 15. h3 Rad8 16. Qd2 Kh7 17. d5 cxd5 18. cxd5 Nb5 19. Nxb5 Qxb5 20. Nh4 Ne4 21. Qd3 Qxb2 22. Re2 Qf6 23. Nxf5 Qxf5 24. Qxe4 Qxe4 25. Rxe4 Rc8 26. Rde1 Rcd8 27. Rxe7 Rf8 28. Bg3 Rf5 29. Rxb7 Rxd5 30. Ree7 Rg8 31. Rxa7 Kg6 32. Re6+ Kf5 33. Rxd6 Rb5 34. Rf7+ Kg5 35. Bf4+ Kh5 36. g4+ Kh4 37. Kg2 h5 38. Rg6 hxg4 39. Rxg4+ Kh5 40. Rfxg7 Rxg7 41. Rxg7 Rb2 42. Rg5+ Kh4 43. Ra5 Rb5 44. Bg3+ 1-0

[Event "Tenerife-chT Preferente 1718"]
[Site "Tenerife"]
[Date "2017.12.02"]
[Round "3.4"]
[White "Rodriguez Redondo, Adhara"]
[Black "Sanchez Martin, Jacobo"]
[Result "0-1"]
[WhiteElo "1809"]
[BlackElo "1759"]
[PlyCount "63"]
[EventDate "2017.11.11"]
[EventType "team-tourn"]
[EventRounds "14"]
[EventCountry "ESP"]
[SourceTitle "EXT 2019"]
[Source "ChessBase"]
[SourceDate "2018.10.10"]
[SourceVersion "1"]
[SourceVersionDate "2018.10.10"]
[SourceQuality "1"]
[WhiteTeam "Fundacion La Caja de Canarias"]
[BlackTeam "Ciberjaque Universidad"]
[WhiteTeamCountry "ESP"]
[BlackTeamCountry "ESP"]

1. e4 d5 2. exd5 Qxd5 3. Nc3 Qa5 4. d4 e5 5. dxe5 Bb4 6. Bd2 Nc6 7. f4 Nge7 8. Nf3 Bg4 9. h3 Bxf3 10. Qxf3 0-0-0 11. Bd3 h5 12. 0-0 Nd4 13. Qd1 Nef5 14. Kh2 f6 15. a3 Be7 16. b4 Qb6 17. Be4 Qe6 18. Re1 fxe5 19. Bxf5 Qxf5 20. Rxe5 Qf7 21. Re1 Bd6 22. Re4 g5 23. Rxd4 Qf6 24. Ne2 gxf4 25. Bc3 Be5 26. Rxd8+ Rxd8 27. Bxe5 Qxe5 28. Qf1 f3+ 29. Ng3 h4 30. Re1 Qxg3+ 31. Kh1 fxg2+ 32. Qxg2 0-1

[Event "Santa Cruz de Tenerife Trophy"]
[Site "Santa Cruz de Tenerife"]
[Date "2017.03.16"]
[Round "2"]
[White "Hernandez Leon, Alberto"]
[Black "Sanchez Martin, Jacobo"]
[Result "1-0"]
[WhiteElo "2282"]
[BlackElo "1780"]
[PlyCount "57"]
[EventDate "2017.03.09"]
[EventType "swiss"]
[EventRounds "9"]
[EventCountry "ESP"]
[SourceTitle "EXT 2018"]
[Source "ChessBase"]
[SourceDate "2017.10.13"]
[SourceVersion "1"]
[SourceVersionDate "2017.10.13"]
[SourceQuality "1"]

1. e4 d5 2. exd5 Qxd5 3. Nc3 Qa5 4. d4 c6 5. Nf3 Bg4 6. Bc4 e6 7. Bd2 Qc7 8. h3 Bh5 9. g4 Bg6 10. Ne5 Nd7 11. Nxg6 hxg6 12. Qf3 Ngf6 13. 0-0-0 Nb6 14. Bb3 0-0-0 15. g5 Nfd5 16. Ne4 Rh4 17. Kb1 Be7 18. c4 f5 19. gxf6 Nxf6 20. Ng5 Qd7 21. Be3 Rf8 22. Qg3 Rfh8 23. Nf7 R8h7 24. Ne5 Qc7 25. Nxg6 Bd6 26. Qg2 R4h5 27. c5 Nbd5 28. cxd6 Qxd6 29. Ne5 1-0

[Event "Tenerife-chT Segunda"]
[Site "Tenerife"]
[Date "2015.02.07"]
[Round "3.1"]
[White "Sanchez Martin, Jacobo"]
[Black "Padron Perez, Cayetano"]
[Result "1/2-1/2"]
[WhiteElo "1796"]
[BlackElo "1549"]
[PlyCount "80"]
[EventDate "2015.01.24"]
[EventType "swiss"]
[EventRounds "13"]
[EventCountry "ESP"]
[SourceTitle "EXT 2024"]
[Source "ChessBase"]
[SourceDate "2023.10.10"]
[SourceVersion "1"]
[SourceVersionDate "2023.10.10"]
[SourceQuality "1"]
[WhiteTeam "Universidad II"]
[BlackTeam "Benito"]
[WhiteTeamCountry "ESP"]
[BlackTeamCountry "ESP"]

1. e4 e6 2. d4 d5 3. exd5 exd5 4. Bd3 Nc6 5. c3 Bd6 6. Ne2 Qh4 7. g3 Qh5 8. 0-0 Bh3 9. Re1 Nge7 10. Nf4 Qxd1 11. Rxd1 Bd7 12. Re1 0-0-0 13. Be3 h6 14. Nd2 g5 15. Nh5 f5 16. f4 g4 17. Bf2 Rdf8 18. c4 Bb4 19. Rad1 Rh7 20. cxd5 Nxd5 21. a3 Be7 22. Bc4 Nf6 23. Nxf6 Bxf6 24. Nb3 Kb8 25. Nc5 Bc8 26. b4 h5 27. Rd2 h4 28. gxh4 Bxh4 29. Bxh4 Rxh4 30. d5 Nd8 31. d6 cxd6 32. Rxd6 Rfh8 33. Red1 Nc6 34. b5 Na5 35. Ba2 Rh3 36. Rd8 Rxd8 37. Rxd8 Kc7 38. Rd3 Rxd3 39. Nxd3 b6 40. Nf2 Nb7 1/2-1/2

[Event "Santa Cruz de Tenerife Autumn op"]
[Site "Santa Cruz de Tenerife"]
[Date "2014.11.03"]
[Round "4"]
[White "Sanchez Martin, Jacobo"]
[Black "Hernandez Leon, Sergio"]
[Result "0-1"]
[WhiteElo "1801"]
[BlackElo "2075"]
[PlyCount "54"]
[EventDate "2014.10.27"]
[EventType "swiss"]
[EventRounds "9"]
[EventCountry "ESP"]
[SourceTitle "CBM 163 Extra"]
[Source "ChessBase"]
[SourceDate "2014.12.23"]
[SourceVersion "1"]
[SourceVersionDate "2014.12.23"]
[SourceQuality "1"]

1. e4 c5 2. d3 d5 3. Nd2 Nc6 4. Ngf3 e5 5. c3 Nf6 6. Be2 Be7 7. 0-0 0-0 8. h3 h6 9. Qc2 Be6 10. a3 Rc8 11. Qb1 a5 12. Rd1 Qd7 13. Nf1 d4 14. Ng3 Ne8 15. Nh2 Nd6 16. Bd2 Bh4 17. Nf3 Bxg3 18. fxg3 f5 19. Rf1 fxe4 20. dxe4 c4 21. cxd4 exd4 22. e5 Nf5 23. g4 Ng3 24. Rf2 d3 25. Bf1 Ne4 26. Qc1 Nxf2 27. Bxh6 Ne4 0-1

[Event "Tenerife-chT Preferente 1314"]
[Site "Tenerife"]
[Date "2014.02.22"]
[Round "8.2"]
[White "Sanchez Martin, Jacobo"]
[Black "Ramos Aguilar, Jose Manuel"]
[Result "0-1"]
[WhiteElo "1790"]
[BlackElo "2155"]
[PlyCount "74"]
[EventDate "2013.12.14"]
[EventType "team-tourn"]
[EventRounds "14"]
[EventCountry "ESP"]
[SourceTitle "EXT 2015"]
[Source "ChessBase"]
[SourceDate "2014.11.20"]
[SourceVersion "1"]
[SourceVersionDate "2014.11.20"]
[SourceQuality "1"]
[WhiteTeam "Universidad"]
[BlackTeam "Casa de Venezuela Ebano"]
[WhiteTeamCountry "ESP"]
[BlackTeamCountry "ESP"]

1. e4 c5 2. Nf3 e6 3. d3 Nc6 4. c3 d5 5. Nbd2 Bd6 6. Be2 Nge7 7. 0-0 0-0 8. b3 b6 9. Bb2 Bb7 10. Rc1 Ng6 11. d4 dxe4 12. Nxe4 Bf4 13. Ned2 cxd4 14. cxd4 Rc8 15. g3 Bb8 16. Nc4 Nge7 17. Nfe5 b5 18. Nxc6 Rxc6 19. Ne5 Rxc1 20. Bxc1 Nf5 21. Ba3 Bd6 22. Bxd6 Qxd6 23. Bf3 Nxd4 24. Bxb7 Qxe5 25. Re1 Qc5 26. Qd3 g6 27. Qe3 Rb8 28. Bg2 Rc8 29. Rd1 e5 30. h4 Qc3 31. Qe4 Qc2 32. Rd3 Qxa2 33. h5 Qa1+ 34. Kh2 Ne6 35. h6 Qc1 36. Bh3 Qxh6 37. Kg2 Qxh3+ 0-1

[Event "Tenerife-chT"]
[Site "Tenerife"]
[Date "2013.03.09"]
[Round "7.3"]
[White "Castaner Harster, Xavier"]
[Black "Sanchez Martin, Jacobo"]
[Result "1-0"]
[WhiteElo "2134"]
[BlackElo "1807"]
[PlyCount "53"]
[EventDate "2013.01.19"]
[EventType "team-tourn"]
[EventRounds "14"]
[EventCountry "ESP"]
[SourceTitle "EXT 2014"]
[Source "ChessBase"]
[SourceDate "2013.11.20"]
[SourceVersion "1"]
[SourceVersionDate "2013.11.20"]
[SourceQuality "1"]
[WhiteTeam "Rey Ahogado"]
[BlackTeam "San Benito"]
[WhiteTeamCountry "ESP"]
[BlackTeamCountry "ESP"]

1. e4 d5 2. exd5 Qxd5 3. Nc3 Qa5 4. d4 e5 5. Nf3 Bg4 6. h3 Bh5 7. g4 exd4 8. Qe2+ Ne7 9. Qb5+ Qxb5 10. Nxb5 Na6 11. gxh5 0-0-0 12. Nbxd4 Nb4 13. a3 Nbc6 14. Be3 Nd5 15. Nxc6 bxc6 16. 0-0-0 Bd6 17. Bd4 f6 18. Ba6+ Kb8 19. c4 Nf4 20. c5 Be7 21. Rhe1 Rd7 22. h6 gxh6 23. Rxe7 Rxe7 24. Bxf6 Ree8 25. Bxh8 Rxh8 26. Nd4 Nd5 27. Nxc6+ 1-0